Entry Nombre personal
001 - NÚMERO DE CONTROL
- campo de control: 93329
003 - IDENTIFICADOR DE NÚMERO DE CONTROL
- campo de control: SpMaBN
005 - FECHA Y HORA DE LA ÚLTIMA TRANSACCIÓN
- campo de control: 20230627134345.0
008 - ELEMENTOS DE DATO DE LONGITUD-FIJA
- campo de control de longitud fija: 260979n| aijnnaabn a aaa
016 ## - NÚMERO DE CONTROL DE UNA AGENCIA BIBLIOGRÁFICA NACIONAL
- Número de control del registro: BNE19913077300
024 7# - IDENTIFICADOR DE OTROS ESTÁNDARES
- Número estándar o código: http://viaf.org/viaf/53036133/
- Fuente: viaf
024 8# - IDENTIFICADOR DE OTROS ESTÁNDARES
- Número estándar o código: https://data.cervantesvirtual.com/person/74893
024 7# - IDENTIFICADOR DE OTROS ESTÁNDARES
- Número estándar o código: https://isni.org/isni/0000000059497729
- Fuente: isni
024 7# - IDENTIFICADOR DE OTROS ESTÁNDARES
- Número estándar o código: http://www.wikidata.org/entity/Q1229886
- Fuente: wikidata
040 ## - FUENTE DE CATALOGACIÓN
- Centro catalogador/agencia de origen: SpMaBN
- Lengua de catalogación: spa
- Centro/agencia transcriptor: SpMaBN
- Normas de descripción: rdc
- Convención/Normas de encabezamiento de materia/tesauro: embne
046 ## - FECHAS CON CODIFICACIÓN ESPECIAL
- Fecha de nacimiento: 1814
- Fecha de la muerte: 1885
100 1# - ENCABEZAMIENTO-NOMBRE DE PERSONA
- Nombre de persona: Posada de Herrera, José de,
- Fechas asociadas al nombre: 1814-1885
370 ## - LUGAR ASOCIADO
- Lugar de nacimiento: Llanes
- Número de control del registro de autoridad o número normalizado: XX451760
- Fuente de información: Wikidata
373 ## - GRUPO ASOCIADO
- Grupo asociado: Real Academia de Ciencias Morales y Políticas
- Grupo asociado: Real Academia de Jurisprudencia y Legislación
- Fuente de información: Wikidata
373 ## - GRUPO ASOCIADO
- Grupo asociado: Ateneo de Madrid
- Fuente de información: Cargos históricos del Ateneo de Madrid 1835-1936 (Archivo del Ateneo); Ateneístas ilustres I (2004)
374 ## - OCUPACIÓN
- Ocupación: Ministros
- Ocupación: Economistas
- Ocupación: Profesores
- Ocupación: Politicos
- Fuente de información: Wikidata
375 ## - GÉNERO/SEXO
- Género: Masculino
377 ## - IDIOMA ASOCIADO
- Término de lengua/lenguaje: Español
400 1# - TRAZADO DE VÉASE--NOMBRE DE PERSONA
- Nombre de persona: Posada Herrera,
- Fechas asociadas al nombre: 1814-1885
400 1# - TRAZADO DE VÉASE--NOMBRE DE PERSONA
- Nombre de persona: Posada Herrera, José,
- Fechas asociadas al nombre: 1814-1885
400 1# - TRAZADO DE VÉASE--NOMBRE DE PERSONA
- Nombre de persona: Posada Herrera, José de,
- Fechas asociadas al nombre: 1814-1885
670 ## - FUENTE DE DATOS ENCONTRADOS
- Cita de la fuente: Lecciones de administración, 1988
- Información encontrada: port. (José de Posada de Herrera)
670 ## - FUENTE DE DATOS ENCONTRADOS
- Cita de la fuente: Veinticinco discursos y un prólogo, 1997
- Información encontrada: port. (José Posada Herrera)
670 ## - FUENTE DE DATOS ENCONTRADOS
- Cita de la fuente: Posada Herrera, 2000
- Información encontrada: p. 12 (José de Posada Herrera; n. Llanes; m. 7-9-1885, Llanes; diputado)
670 ## - FUENTE DE DATOS ENCONTRADOS
- Cita de la fuente: Espasa
- Información encontrada: (Posada Herrera, José de; político; n. Llanes, Asturias, 1815-1885)
670 ## - FUENTE DE DATOS ENCONTRADOS
- Cita de la fuente: Galería de retratos, 2004
- Información encontrada: p. 254 (José de Posada Herrera; n. en Llanes, Asturias, 1814; m. en lanes, 7-9-1885
670 ## - FUENTE DE DATOS ENCONTRADOS
- Cita de la fuente: WWW BN España aut., 26/06/2023
- Información encontrada: (Posada de Herrera, José de, 1814-1885)
678 ## - DATOS BIOGRÁFICOS O HISTÓRICOS
- Datos biográficos o históricos: Socio del Ateneo de Madrid, ingresó entre 1841-44. Presidente de la Sección de Ciencias Matemáticas y Físicas en 1848. Consiliario segundo del Ateneo en 1849. Presidente del Ateneo en 1865-68
- Ampliación de la nota: Fuentes: Cargos históricos del Ateneo de Madrid 1835-1936 (Archivo del Ateneo); Ateneístas ilustres I (2004)
